Biblioteca práctica agrícola y ganadera : producción ganadera
Guardado en:
| Formato: | Libro |
|---|---|
| Publicado: |
Barcelona :
Océano,
1987
|
| Materias: | |
| Etiquetas: |
Agregar Etiqueta
Sin Etiquetas, Sea el primero en etiquetar este registro!
|
| LEADER | 01297nam a22004215a 4500 | ||
|---|---|---|---|
| 001 | CEM.cems016652 | ||
| 008 | 130507s1987##################000#0#####d | ||
| 005 | 20231114111329.0 | ||
| 245 | 0 | 0 | |a Biblioteca práctica agrícola y ganadera : |b producción ganadera |
| 260 | |a Barcelona : |b Océano, |c 1987 | ||
| 300 | |a 206 p. | ||
| 505 | 0 | |a Bovinos -- Ovinos -- Caprinos -- Auquénidos -- Equidos -- Porcinocultura -- Cunicultura -- Avicultura | |
| 020 | |a 8477640076 | ||
| 082 | 0 | 4 | |a 630.3 |
| 653 | |a Bovinos-razas | ||
| 653 | |a Bovinos-alimentación | ||
| 653 | |a Bovinos-sanidad | ||
| 653 | |a Bovinos-reproducción | ||
| 653 | |a Ovinos-razas | ||
| 653 | |a Ovinos-reproducción | ||
| 653 | |a Ovinos-alimentación | ||
| 653 | |a Caprinos-razas | ||
| 653 | |a Caprinos-alimentación | ||
| 653 | |a Caprinos-sanidad | ||
| 653 | |a Llama | ||
| 653 | |a Alpaca | ||
| 653 | |a Vicuña | ||
| 653 | |a Guanaco | ||
| 653 | |a Caballo-razas | ||
| 653 | |a Asnos | ||
| 653 | |a Mulos | ||
| 653 | |a Porcinos-razas | ||
| 653 | |a Conejos-razas | ||
| 653 | |a Conejos-instalaciones | ||
| 653 | |a Gallinas-razas | ||
| 653 | |a Gallinas-instalaciones | ||
| 859 | |a CEMS |b BIB. CEMS - Agricultura |h 630.3 |i Oc2 |p A17075.93 |t Ej.1 |v IV |3 IV | ||
| 859 | |a CEMS |b BIB. CEMS - Agricultura |h 630.3 |i Oc2 |p A1557.12 |t Ej.2 |v IV |3 IV | ||
